| 000 | 01646nam a22002537a 4500 | ||
|---|---|---|---|
| 999 |
_c7677 _d7677 |
||
| 003 | AR-CdUCM | ||
| 008 | 190321b ||||| |||| 00| 0 spa d | ||
| 040 |
_aMUNICIPALIDAD PROVINCIAL DEL CUSCO _cBIBLIOTECA MUNICIPAL DEL CUSCO |
||
| 082 |
_a086.98 / _bM26 |
||
| 100 |
_aMariategui, Jose Carlos _91417 |
||
| 245 | _aObras completas de Jose Carlos Mariategui / | ||
| 260 |
_aLima : _bAmauta, _c1959. |
||
| 300 |
_a20 tomos ; _c17cm |
||
| 440 |
_aBiblioteca Amauta _n1 _915037 |
||
| 500 | _aObras completas de José Carlos Mariátegui. Donación de la familia Nieto. Libro Ideología y política volumen 13/e.2, remplazado por el mismo. Sr. Peter Béjar. C/27/10/2021 | ||
| 505 | _aContenido: t.1.- La escena contemporánea -- t.2.- 7 ensayos de interpretación de la realidad peruana -- t.3.- El alma matinal -- t.4.- La novela y la vida -- t.5.- Defensa del Marxismo -- t.6.- El artista y la época -- t.7.- Signos y obras -- t.8.- Historia de la crisis mundial -- t.9.- Poemas a Mariategui -- t.10.- Jose Carlos Mariategui etapas de su vida -- t.11.- Peruanicemos al Perú -- t.12.- Temas de nuestra América -- t.13.- Ideología y política -- t.14.- Temas de educación -- t.15.- Cartas de Italia -- t.16.- Figuras y aspectos de la vida mundial I -- t.17.- Figuras y aspectos de la vida mundial II -- t.18.- Figuras y aspectos de la vida mundial III -- t.19.- Amauta y su influencia -- t.20.- Mariategui y su tiempo. | ||
| 650 |
_aDemocracia _92598 |
||
| 650 |
_aFascismo _93453 |
||
| 650 |
_aSocialismo _944059 |
||
| 650 |
_aEuropa _91221 |
||
| 650 |
_aMariategui - Ensayos _921678 |
||
| 942 |
_2ddc _cLIBROS |
||
| 945 | _alccs | ||